[Event "Europa ch s-16"]
[Site "Herceg Novi MNE"]
[Date "2008.09.23"]
[Round "8.6"]
[White "Alonso Rosell, Alvar"]
[Black "Gretarsson, Hjorvar Steinn"]
[Result "1/2-1/2"]
[WhiteElo "2393"]
[BlackElo "2299"]
[PlyCount "149"]
[EventDate "2008.09.15"]
[EventType "swiss"]
[EventRounds "9"]
[Source "lmi"]
[SourceDate "2008.09.15"]

1. d4 Nf6 2. c4 e6 3. Nc3 Bb4 4. Qc2 Nc6 5. Nf3 d6 6. Bd2 O-O 7. a3 Bxc3 8.
Bxc3 Qe7 9. g3 e5 10. d5 Nb8 11. Nh4 c6 12. Bg2 g6 13. O-O cxd5 14. cxd5 Nh5
15. Rac1 Bd7 16. e4 Na6 17. b4 Rac8 18. Rfe1 b5 19. Qd2 Rc7 20. Bb2 Rfc8 21.
Rxc7 Nxc7 22. Qe3 a6 23. Qb6 Ne8 24. Qxa6 Nf4 25. Bf1 Rc2 26. Bc1 Qf6 27. Be3
g5 28. Nf5 Bxf5 29. exf5 Qxf5 30. Qxb5 Nf6 31. Bxf4 gxf4 32. Qd3 Qxd3 33. Bxd3
Rc3 34. Bb5 fxg3 35. hxg3 Rxa3 36. Bc6 Rd3 37. Rb1 Nxd5 38. Bxd5 Rxd5 39. b5
Rc5 40. b6 Rc8 41. Rd1 Rd8 42. b7 Rb8 43. Rxd6 Rxb7 44. Kg2 Kg7 45. Ra6 f6 46.
Ra4 Kg6 47. Rc4 Kf5 48. Rh4 Kg5 49. Ra4 Rd7 50. Ra8 Rd4 51. Rh8 Kg6 52. Rg8+
Kf7 53. Ra8 Kg7 54. Ra7+ Kg6 55. Ra8 h5 56. Rh8 Rc4 57. Kf3 Rc3+ 58. Ke2 e4 59.
Re8 Kf5 60. Rh8 Kg4 61. Rg8+ Kh3 62. Rh8 Rc5 63. Rh6 Rf5 64. Ke3 Rf3+ 65. Kxe4
Rxf2 66. Rxh5+ Kg4 67. Ke3 Rf3+ 68. Ke2 Rxg3 69. Rh8 f5 70. Rg8+ Kf4 71. Ra8
Rg2+ 72. Kf1 Rb2 73. Ra3 Kg4 74. Ra4+ f4 75. Ra3 1/2-1/2

[Event "Europa ch s-16"]
[Site "Herceg Novi MNE"]
[Date "2008.09.23"]
[Round "8.7"]
[White "Firat, Burak"]
[Black "Rombaldoni, Axel"]
[Result "0-1"]
[WhiteElo "2219"]
[BlackElo "2374"]
[PlyCount "114"]
[EventDate "2008.09.15"]
[EventType "swiss"]
[EventRounds "9"]
[Source "lmi"]
[SourceDate "2008.09.15"]

1. e4 c5 2. Nf3 a6 3. c3 e6 4. d4 d5 5. e5 Bd7 6. Be2 cxd4 7. cxd4 Bb5 8. Bxb5+
axb5 9. O-O Nc6 10. Nc3 Ra5 11. Ne2 Nge7 12. Qd3 b4 13. a3 bxa3 14. bxa3 Nf5
15. Bd2 Ra7 16. a4 Be7 17. a5 O-O 18. Qb5 Qd7 19. Rfb1 Rfa8 20. g4 Nh4 21. Nxh4
Bxh4 22. Rb3 Bd8 23. Rc1 Bxa5 24. Bxa5 Rxa5 25. Qxb7 Qxb7 26. Rxb7 Ra1 27. Rxa1
Rxa1+ 28. Kg2 Ra8 29. Rc7 Na5 30. Nc3 h6 31. Nb5 Rb8 32. Nd6 Nb3 33. Rxf7 Nxd4
34. Re7 Rf8 35. Nb7 Rf4 36. Kg3 Ne2+ 37. Kh3 d4 38. Re8+ Kh7 39. Nc5 d3 40. Nb3
Rb4 41. Nd2 Rb2 42. Nf1 d2 43. Rd8 Nf4+ 44. Kg3 Nd5 45. Nxd2 Rxd2 46. Rd6 Nc3
47. Kf3 Rxd6 48. exd6 Nb5 49. Ke4 Nxd6+ 50. Ke5 Nb5 51. Kxe6 Nd4+ 52. Kd5 Nf3
53. h3 Kg6 54. Ke4 Ng5+ 55. Kf4 Nxh3+ 56. Kg3 Ng5 57. f4 Ne4+ 0-1

[Event "Europa ch s-16"]
[Site "Herceg Novi MNE"]
[Date "2008.09.23"]
[Round "8.8"]
[White "Mazur, Stefan"]
[Black "Kanarek, Marcel"]
[Result "1/2-1/2"]
[WhiteElo "2237"]
[BlackElo "2349"]
[PlyCount "195"]
[EventDate "2008.09.15"]
[EventType "swiss"]
[EventRounds "9"]
[Source "lmi"]
[SourceDate "2008.09.15"]

1. e4 c5 2. Nf3 Nc6 3. d4 cxd4 4. Nxd4 e5 5. Nb5 d6 6. c4 Be7 7. N1c3 a6 8. Na3
Be6 9. Nc2 Bg5 10. Be2 Bxc1 11. Rxc1 Nge7 12. Qd2 O-O 13. Rd1 Qb6 14. Na4 Qa7
15. Qxd6 b5 16. cxb5 axb5 17. Bxb5 Qa5+ 18. Nc3 Rfd8 19. Qc5 Rxd1+ 20. Kxd1 Nd4
21. b4 Qd8 22. Nxd4 Rc8 23. Qxe5 Rxc3 24. Qg5 Qxd4+ 25. Qd2 Qxd2+ 26. Kxd2 Ra3
27. Rb1 Rxa2+ 28. Ke3 Kf8 29. Be2 Nc8 30. b5 Nb6 31. Rc1 Bd7 32. Rc7 Rb2 33.
Rc5 Ke7 34. e5 Rb3+ 35. Kd4 Rb2 36. Ke3 Na4 37. Rc7 Kd8 38. Rb7 Nc3 39. Bc4 Kc8
40. Ra7 Nxb5 41. Ra8+ Kb7 42. Rg8 Be6 43. Bxe6 fxe6 44. Rxg7+ Kc6 45. f4 h5 46.
f5 exf5 47. Rg5 h4 48. Rxf5 Rxg2 49. Rf2 Rg8 50. Ke4 Rh8 51. Rc2+ Kd7 52. Rb2
Nc7 53. Kf5 Rh5+ 54. Kg4 Rh8 55. Rb3 Ke6 56. Rh3 Rg8+ 57. Kf3 Rh8 58. Kg4 Rg8+
59. Kf3 Rf8+ 60. Kg4 Nd5 61. Kxh4 Nf4 62. Rf3 Kxe5 63. Kg3 Rg8+ 64. Kf2 Rg2+
65. Kf1 Ra2 66. Rb3 Ke4 67. Rb4+ Ke3 68. Rb3+ Nd3 69. Rc3 Rf2+ 70. Kg1 Rd2 71.
Rc8 Kf3 72. Rf8+ Nf4 73. h4 Rd1+ 74. Kh2 Rd7 75. h5 Rh7 76. Rf5 Rg7 77. Rf6
Rg2+ 78. Kh1 Rb2 79. Rf8 Rb1+ 80. Kh2 Rb5 81. h6 Rh5+ 82. Kg1 Rxh6 83. Rf7 Rh8
84. Rf5 Rb8 85. Rf7 Rc8 86. Rf5 Rc1+ 87. Kh2 Rc2+ 88. Kg1 Kg4 89. Rf8 Kf3 90.
Rf7 Ke4 91. Re7+ Kf5 92. Rf7+ Ke5 93. Re7+ Ne6 94. Rf7 Ng5 95. Rf8 Ke4 96. Kf1
Ke3 97. Re8+ Ne4 98. Re7 1/2-1/2

[Event "Europa ch s-16"]
[Site "Herceg Novi MNE"]
[Date "2008.09.23"]
[Round "8.9"]
[White "Mammadov, Ayaz"]
[Black "Petenyi, Tamas"]
[Result "1-0"]
[WhiteElo "2346"]
[BlackElo "2289"]
[PlyCount "107"]
[EventDate "2008.09.15"]
[EventType "swiss"]
[EventRounds "9"]
[Source "lmi"]
[SourceDate "2008.09.15"]

1. e4 e5 2. Nf3 Nc6 3. Bc4 Nf6 4. d3 Be7 5. Bb3 O-O 6. c3 d6 7. Nbd2 h6 8. h3
Nh7 9. Nf1 Ng5 10. Ng3 Kh8 11. Be3 Nxf3+ 12. Qxf3 Bg5 13. O-O Bxe3 14. fxe3 Qg5
15. Kh2 Ne7 16. Bxf7 Be6 17. Bxe6 Rxf3 18. Rxf3 Ng8 19. Raf1 Re8 20. Bb3 Qd8
21. Nh5 c6 22. Rf7 Re7 23. Nxg7 Rxf7 24. Rxf7 d5 25. exd5 cxd5 26. e4 dxe4 27.
Ne6 Qxd3 28. Nf8 e3 29. Bc4 Qe4 30. Rh7+ Qxh7 31. Nxh7 e2 32. Bxe2 Kxh7 33. Kg3
Nf6 34. Bd3+ Kg7 35. Kf3 Kf8 36. Be4 b6 37. g4 Ke7 38. h4 Ne8 39. Bd5 Kf6 40.
Ke3 Nd6 41. a4 Kg6 42. Be4+ Kf6 43. Kd3 a6 44. b3 h5 45. g5+ Ke7 46. a5 b5 47.
c4 bxc4+ 48. bxc4 Ke6 49. c5 Nb5 50. Bb7 Kf5 51. Bxa6 e4+ 52. Ke3 Nc3 53. Bc4
Nd1+ 54. Kd4 1-0

[Event "Europa ch s-16"]
[Site "Herceg Novi MNE"]
[Date "2008.09.23"]
[Round "8.10"]
[White "Vardanian, Haik G"]
[Black "Heimann, Andreas"]
[Result "1/2-1/2"]
[WhiteElo "2177"]
[BlackElo "2433"]
[PlyCount "79"]
[EventDate "2008.09.15"]
[EventType "swiss"]
[EventRounds "9"]
[Source "lmi"]
[SourceDate "2008.09.15"]

1. e4 c5 2. Nf3 e6 3. d4 cxd4 4. Nxd4 Nc6 5. Nb5 d6 6. c4 Nf6 7. N1c3 a6 8. Na3
Be7 9. Be2 O-O 10. O-O b6 11. Be3 Bd7 12. f3 Qb8 13. Qe1 Ra7 14. Qg3 Rc8 15.
Rad1 Be8 16. Bh6 Bf8 17. Bg5 Nd7 18. Be3 Rb7 19. f4 Nc5 20. Nc2 b5 21. Bxc5
dxc5 22. b3 Nd4 23. Nxd4 cxd4 24. Nb1 bxc4 25. Bxc4 Rxc4 26. bxc4 Ba4 27. Rc1
Rb2 28. Qd3 Bc5 29. Nd2 Bc2 30. Qf3 Rxa2 31. e5 d3+ 32. Kh1 Qb4 33. f5 h6 34.
fxe6 fxe6 35. Qf7+ Kh8 36. Qxe6 Qxd2 37. Qc8+ Kh7 38. Qf5+ Kh8 39. Qc8+ Kh7 40.
Qf5+ 1/2-1/2

[Event "Europa ch s-16"]
[Site "Herceg Novi MNE"]
[Date "2008.09.23"]
[Round "8.11"]
[White "Yaksin, Oleg"]
[Black "Nijs, Nils"]
[Result "1-0"]
[WhiteElo "2307"]
[BlackElo "2150"]
[PlyCount "79"]
[EventDate "2008.09.15"]
[EventType "swiss"]
[EventRounds "9"]
[Source "lmi"]
[SourceDate "2008.09.15"]

1. e4 c5 2. Nf3 d6 3. d4 cxd4 4. Nxd4 Nf6 5. Nc3 g6 6. g3 Nc6 7. Nde2 Bg7 8.
Bg2 O-O 9. O-O Rb8 10. a4 a6 11. Nd5 b5 12. axb5 axb5 13. c3 b4 14. Nd4 Nxd4
15. Nxf6+ exf6 16. cxd4 f5 17. Bf4 fxe4 18. Bxe4 Bb7 19. Qf3 Qb6 20. Bxb7 Qxb7
21. Qxb7 Rxb7 22. Rfd1 Rb6 23. Ra7 Rc8 24. Rd7 Bf8 25. Ra1 Bg7 26. Be3 Rbc6 27.
Raa7 Rf8 28. Rab7 Rcc8 29. Rxd6 Rfe8 30. Rdd7 Bf8 31. Rxf7 Rc2 32. b3 Rb2 33.
Rxh7 Rxb3 34. Bf4 Rb1+ 35. Kg2 b3 36. Be5 Rxe5 37. dxe5 b2 38. Rhd7 Ba3 39.
Rb8+ Bf8 40. e6 1-0

[Event "Europa ch s-16"]
[Site "Herceg Novi MNE"]
[Date "2008.09.23"]
[Round "8.12"]
[White "Witek, Tomasz"]
[Black "Valsecchi, Alessio"]
[Result "0-1"]
[WhiteElo "2125"]
[BlackElo "2298"]
[PlyCount "82"]
[EventDate "2008.09.15"]
[EventType "swiss"]
[EventRounds "9"]
[Source "lmi"]
[SourceDate "2008.09.15"]

1. d4 Nf6 2. c4 c5 3. d5 e6 4. Nc3 exd5 5. cxd5 d6 6. e4 g6 7. Bd3 Bg7 8. Nge2
O-O 9. O-O Ng4 10. Bc2 Na6 11. a3 Rb8 12. h3 Nh6 13. Be3 f5 14. Qc1 Nf7 15.
exf5 gxf5 16. Ng3 Ne5 17. Nh5 Rf7 18. Bh6 f4 19. Bxf4 Qh4 20. Bd1 Nd3 21. Bg3
Qxg3 22. Nxg3 Nxc1 23. Rxc1 Nc7 24. Bf3 b5 25. Rc2 a5 26. Re1 b4 27. axb4 axb4
28. Nce4 Be5 29. Nxc5 Bxg3 30. fxg3 dxc5 31. Rxc5 Bb7 32. d6 Na6 33. Ra5 Bxf3
34. gxf3 Rb6 35. Re8+ Kg7 36. Rg5+ Kf6 37. Rh5 Rd7 38. Rf8+ Kg7 39. Rc8 Rbxd6
40. Rb5 Nc7 41. Rxb4 Rd1+ 0-1

[Event "Europa ch s-16"]
[Site "Herceg Novi MNE"]
[Date "2008.09.23"]
[Round "8.13"]
[White "Lyaskovsky, Viktor"]
[Black "Ketzetzis, Georgios"]
[Result "1-0"]
[WhiteElo "2289"]
[BlackElo "2099"]
[PlyCount "111"]
[EventDate "2008.09.15"]
[EventType "swiss"]
[EventRounds "9"]
[Source "lmi"]
[SourceDate "2008.09.15"]

1. e4 c6 2. d4 d5 3. e5 Bf5 4. Nc3 e6 5. g4 Bg6 6. Nge2 c5 7. h4 Nc6 8. h5 Be4
9. Nxe4 dxe4 10. c3 cxd4 11. cxd4 Bb4+ 12. Bd2 Nge7 13. Bg2 Qb6 14. Bxb4 Qxb4+
15. Qd2 Qb6 16. O-O-O Rd8 17. Qe3 Qa6 18. Kb1 Nd5 19. Qxe4 O-O 20. Rh3 Rc8 21.
Rc1 Ncb4 22. a3 Rxc1+ 23. Nxc1 Nc6 24. f4 Rc8 25. f5 Qc4 26. Ne2 Qa4 27. Nc3
Nxc3+ 28. Rxc3 Rd8 29. Qe3 Nxd4 30. f6 Qd1+ 31. Ka2 Qxg4 32. Bxb7 Qxh5 33. Rd3
Qh4 34. Be4 gxf6 35. Rxd4 Rxd4 36. Qxd4 f5 37. Qg1+ Kf8 38. Bd3 Qf4 39. Qc5+
Kg7 40. Qg1+ Kf8 41. Qxa7 Qxe5 42. Qa8+ Kg7 43. Qg2+ Kf6 44. b4 Qe3 45. Bc4 h5
46. b5 Qb6 47. Qd2 Kg6 48. Qg2+ Kf6 49. Qh2 Kg5 50. Qg3+ Kf6 51. Qh4+ Kg6 52.
Be2 Qe3 53. Qxh5+ Kf6 54. Qf3 Qd2+ 55. Kb3 e5 56. b6 1-0

[Event "Europa ch s-16"]
[Site "Herceg Novi MNE"]
[Date "2008.09.23"]
[Round "8.14"]
[White "Baron, Tal"]
[Black "Mordechai, Hanan"]
[Result "1/2-1/2"]
[WhiteElo "2285"]
[BlackElo "2072"]
[PlyCount "68"]
[EventDate "2008.09.15"]
[EventType "swiss"]
[EventRounds "9"]
[Source "lmi"]
[SourceDate "2008.09.15"]

1. e4 c5 2. Nf3 d6 3. d4 cxd4 4. Nxd4 Nf6 5. Nc3 g6 6. Be3 Bg7 7. f3 O-O 8. Qd2
Nc6 9. Bc4 Bd7 10. h4 Nxd4 11. Bxd4 b5 12. Bb3 a5 13. Nd5 a4 14. Nxf6+ Bxf6 15.
Bxf6 axb3 16. Bc3 Rxa2 17. Rb1 bxc2 18. Qxc2 Qb6 19. Qd2 e5 20. h5 Be6 21. f4
Ra4 22. b4 Ra2 23. Bb2 Qc6 24. O-O Qxe4 25. fxe5 dxe5 26. Rfe1 Qf4 27. Qd6 Bf5
28. hxg6 Bxb1 29. gxf7+ Rxf7 30. Rxb1 Qf2+ 31. Kh1 Qh4+ 32. Kg1 Qf2+ 33. Kh1
Qh4+ 34. Kg1 Qf2+ 1/2-1/2

[Event "Europa ch s-16"]
[Site "Herceg Novi MNE"]
[Date "2008.09.23"]
[Round "8.15"]
[White "Stella, Andrea"]
[Black "Manelyuk, Nikita"]
[Result "1/2-1/2"]
[WhiteElo "2209"]
[BlackElo "2071"]
[PlyCount "84"]
[EventDate "2008.09.15"]
[EventType "swiss"]
[EventRounds "9"]
[Source "lmi"]
[SourceDate "2008.09.15"]

1. d4 Nf6 2. c4 e6 3. Nf3 b6 4. a3 Bb7 5. Nc3 d5 6. cxd5 Nxd5 7. Qc2 Be7 8.
Nxd5 Bxd5 9. e4 Bb7 10. Bf4 Bd6 11. Be3 O-O 12. e5 Be7 13. Bd3 h6 14. Rc1 c5
15. dxc5 Bxc5 16. Bxc5 bxc5 17. Bh7+ Kh8 18. Be4 Bxe4 19. Qxe4 Na6 20. O-O Qb6
21. Rc3 Kg8 22. Rb1 Rad8 23. Qa4 Nb8 24. b4 Rd5 25. Rcc1 cxb4 26. Rxb4 Qa5 27.
Qb3 Rc5 28. Rxc5 Qxc5 29. Qc4 Rd8 30. h3 Nd7 31. Qh4 Rc8 32. Qg3 Qc1+ 33. Kh2
Qxa3 34. Rh4 Kf8 35. Rg4 g6 36. Rf4 Qc1 37. Nd4 Kg7 38. Rg4 Nf8 39. Qf3 Nh7 40.
Qd3 Nf8 41. Qf3 Nd7 42. Qe4 Nf8 1/2-1/2

[Event "Europa ch s-16"]
[Site "Herceg Novi MNE"]
[Date "2008.09.23"]
[Round "8.16"]
[White "Klekowski, Maciej"]
[Black "Lorand, Norbert"]
[Result "1/2-1/2"]
[WhiteElo "2197"]
[BlackElo "2273"]
[PlyCount "113"]
[EventDate "2008.09.15"]
[EventType "swiss"]
[EventRounds "9"]
[Source "lmi"]
[SourceDate "2008.09.15"]

1. c4 g6 2. Nc3 Bg7 3. g3 d6 4. Bg2 e5 5. d3 Nc6 6. e4 Be6 7. Nge2 Qd7 8. O-O
Nge7 9. Nd5 Bxd5 10. cxd5 Nd4 11. Nxd4 exd4 12. f4 f5 13. exf5 Nxf5 14. Re1+
Kf7 15. Re6 c5 16. Be4 Rhf8 17. g4 Ne3 18. Bxe3 dxe3 19. f5 Bd4 20. Kh1 Kg7 21.
Qe1 Rae8 22. Qg3 Rxe6 23. dxe6 Qe7 24. Re1 g5 25. Kg2 h5 26. h4 gxh4 27. Qf4
Bf6 28. Qxe3 hxg4 29. Qe2 Rg8 30. Kh1 Kh8 31. Rg1 Qg7 32. Bd5 Be7 33. f6 Qxf6
34. Rxg4 Rxg4 35. Qxg4 b6 36. Qh5+ Kg7 37. Qg4+ Qg5 38. Qxg5+ Bxg5 39. Bb7 Kf6
40. Bc8 Ke5 41. Kg2 Kd4 42. Ba6 Ke3 43. b3 Be7 44. a4 Kd4 45. Kf3 d5 46. Bb7
Ke5 47. Bc8 a6 48. Bxa6 Kxe6 49. Bb7 Ke5 50. Ba8 Kd4 51. Kg4 Ke5 52. Bb7 Kd6
53. Ba8 d4 54. Be4 Bd8 55. Bh7 Kc6 56. Be4+ Kc7 57. Bd5 1/2-1/2

[Event "Europa ch s-16"]
[Site "Herceg Novi MNE"]
[Date "2008.09.23"]
[Round "8.17"]
[White "Nestorovic, Lazar"]
[Black "Kaforos, Dimitrios-Alkis"]
[Result "0-1"]
[WhiteElo "2269"]
[BlackElo "2173"]
[PlyCount "150"]
[EventDate "2008.09.15"]
[EventType "swiss"]
[EventRounds "9"]
[Source "lmi"]
[SourceDate "2008.09.15"]

1. e4 c6 2. d4 d5 3. Nc3 dxe4 4. Nxe4 Bf5 5. Ng3 Bg6 6. Nf3 Nd7 7. h4 h6 8. h5
Bh7 9. Bd3 Bxd3 10. Qxd3 Ngf6 11. Bf4 Qa5+ 12. c3 e6 13. a3 Be7 14. b4 Qd8 15.
O-O O-O 16. c4 a5 17. Qb3 Qb6 18. Bd2 c5 19. dxc5 Bxc5 20. Rab1 axb4 21. axb4
Be7 22. Rfe1 Rfc8 23. c5 Qa6 24. Nd4 Qa2 25. Qe3 Nd5 26. Qe2 Bf6 27. Nb5 b6 28.
Nd6 Rc6 29. Nge4 bxc5 30. Qb5 Qa6 31. bxc5 Nxc5 32. Nxf6+ Nxf6 33. Ra1 Na4 34.
Qe5 Rxd6 35. Rxa4 Qxa4 36. Qxd6 Nxh5 37. Be3 Nf6 38. Rc1 Qd7 39. Qg3 Kh7 40.
Qh4 Ra4 41. Qg3 Rg4 42. Qh3 Qd5 43. Rc5 Qd1+ 44. Kh2 Qa4 45. g3 Rc4 46. Rxc4
Qxc4 47. Bf4 Qe2 48. Kg1 Ng4 49. Qf1 Qxf1+ 50. Kxf1 Kg6 51. Kg2 Kf5 52. Bd2 g5
53. Bc3 e5 54. Bd2 e4 55. Kf1 Nh2+ 56. Kg2 Nf3 57. Bc3 Kg4 58. Bg7 h5 59. Bc3
f5 60. Bb4 f4 61. gxf4 gxf4 62. Bc5 Ne5 63. Bd4 Ng6 64. Bc5 Nh4+ 65. Kh2 Kf3
66. Kh3 Nf5 67. Bb6 e3 68. fxe3 fxe3 69. Ba5 Ke2 70. Kg2 Kd1 71. Kf3 e2 72. Kf2
Nd4 73. Ke3 Nb3 74. Bb4 h4 75. Bc3 h3 0-1

[Event "Europa ch s-16"]
[Site "Herceg Novi MNE"]
[Date "2008.09.23"]
[Round "8.18"]
[White "Sinitsin, Roman"]
[Black "Klecker, Tadeas"]
[Result "1-0"]
[WhiteElo "2258"]
[BlackElo "2162"]
[PlyCount "63"]
[EventDate "2008.09.15"]
[EventType "swiss"]
[EventRounds "9"]
[Source "lmi"]
[SourceDate "2008.09.15"]

1. d4 d5 2. c4 c6 3. Nf3 Nf6 4. e3 Bf5 5. Nc3 e6 6. Nh4 Be4 7. f3 Bg6 8. Nxg6
hxg6 9. g3 Bd6 10. Kf2 Qc7 11. Kg2 Nbd7 12. Bd2 O-O-O 13. Be2 dxc4 14. Bxc4 Nb6
15. Be2 e5 16. Rc1 exd4 17. Nb5 Qd7 18. Qb3 Qh3+ 19. Kf2 dxe3+ 20. Bxe3 Bb8 21.
Qa3 Nbd5 22. Bxa7 Kd7 23. Bxb8 Qf5 24. Nd4 Ne4+ 25. Ke1 Qf6 26. fxe4 Qxd4 27.
exd5 Rxb8 28. dxc6+ Ke6 29. Rd1 Qe5 30. Qb3+ Kf6 31. Rf1+ Kg5 32. Rd5 1-0

[Event "Europa ch s-16"]
[Site "Herceg Novi MNE"]
[Date "2008.09.23"]
[Round "8.19"]
[White "Kuchynka, Lukas"]
[Black "Lyaskovsky, Valentin"]
[Result "1/2-1/2"]
[WhiteElo "2150"]
[BlackElo "2257"]
[PlyCount "115"]
[EventDate "2008.09.15"]
[EventType "swiss"]
[EventRounds "9"]
[Source "lmi"]
[SourceDate "2008.09.15"]

1. e4 c5 2. Nf3 d6 3. d4 cxd4 4. Nxd4 Nf6 5. Nc3 a6 6. Bg5 e6 7. f4 Qc7 8. Bxf6
gxf6 9. Qd2 b5 10. O-O-O Bb7 11. a3 Nd7 12. Kb1 h5 13. Be2 Nc5 14. Bf3 O-O-O
15. Qf2 Kb8 16. f5 e5 17. Nde2 Rc8 18. Nd5 Bxd5 19. Rxd5 Na4 20. Nc1 Bh6 21.
Na2 Be3 22. Qe2 Bd4 23. c3 Bc5 24. Bxh5 Nb6 25. Rd3 Nc4 26. Nb4 Bxb4 27. axb4
a5 28. b3 Na3+ 29. Kb2 axb4 30. Rc1 Qa7 31. g4 bxc3+ 32. Rdxc3 Rxc3 33. Rxc3 b4
34. Rc6 Qd4+ 35. Kc1 Qa1+ 36. Kd2 Nb1+ 37. Ke3 Nc3 38. Qd3 Qg1+ 39. Kf3 d5 40.
Rxc3 dxe4+ 41. Kxe4 Qe1+ 42. Qe3 Qxc3 43. Qb6+ Kc8 44. Qa6+ Kd7 45. Qb7+ Qc7
46. Qd5+ Ke8 47. Qe6+ Kf8 48. Qxf6 Qc2+ 49. Kd5 Qxb3+ 50. Kc5 Qe3+ 51. Kxb4
Qd2+ 52. Kc5 Qc1+ 53. Kd5 Qd2+ 54. Kc5 Qa5+ 55. Kc4 Qa4+ 56. Kd3 Qb3+ 57. Ke2
Qb2+ 58. Ke3 1/2-1/2

[Event "Europa ch s-16"]
[Site "Herceg Novi MNE"]
[Date "2008.09.23"]
[Round "8.20"]
[White "Janczarski, Michal"]
[Black "Biryukov, Alexander"]
[Result "1-0"]
[WhiteElo "2238"]
[BlackElo "2138"]
[PlyCount "117"]
[EventDate "2008.09.15"]
[EventType "swiss"]
[EventRounds "9"]
[Source "lmi"]
[SourceDate "2008.09.15"]

1. c4 e6 2. Nc3 d5 3. d4 c6 4. e4 dxe4 5. Nxe4 Bb4+ 6. Bd2 Qxd4 7. Bxb4 Qxe4+
8. Be2 Na6 9. Ba5 f6 10. Qd8+ Kf7 11. Nf3 b6 12. Bc3 Bb7 13. Qd7+ Ne7 14. Nd2
Qf4 15. g3 Qc7 16. Qxc7 Nxc7 17. Bf3 Rhd8 18. O-O-O Rd7 19. g4 Rad8 20. g5 Ba8
21. gxf6 gxf6 22. Bh5+ Ng6 23. Rhg1 c5 24. Rg4 Bf3 25. Rxg6 Bxd1 26. Rxf6+ Ke7
27. Rf7+ Kd6 28. Rxd7+ Kxd7 29. Kxd1 Ne8 30. Ne4 Nd6 31. Nxd6 Kxd6 32. h4 Rf8
33. Be2 Rxf2 34. h5 e5 35. h6 Rf6 36. Bd2 e4 37. Bg4 Rf2 38. Ke1 Rg2 39. Bf5
Ke5 40. Bxh7 Kd4 41. Bf5 Kd3 42. h7 Rh2 43. Bc3 Ke3 44. h8=Q Rxh8 45. Bxh8 Kd3
46. b3 a6 47. Bc8 Kc2 48. Bxa6 Kb1 49. Kd2 Kxa2 50. Kc2 e3 51. Bc3 Ka3 52. Bb5
Ka2 53. Ba4 e2 54. b4 Ka3 55. Bb3 b5 56. bxc5 e1=Q 57. Bxe1 b4 58. Bxb4+ Kxb4
59. c6 1-0

[Event "Europa ch s-16"]
[Site "Herceg Novi MNE"]
[Date "2008.09.23"]
[Round "8.21"]
[White "Dragomirescu, Robin-Alexandru"]
[Black "Kowalczyk, Pawel"]
[Result "1-0"]
[WhiteElo "2232"]
[BlackElo "2138"]
[PlyCount "67"]
[EventDate "2008.09.15"]
[EventType "swiss"]
[EventRounds "9"]
[Source "lmi"]
[SourceDate "2008.09.15"]

1. e4 e6 2. d4 d5 3. Nc3 Bb4 4. e5 c5 5. a3 Bxc3+ 6. bxc3 Qc7 7. Qg4 f5 8. Qg3
cxd4 9. cxd4 Ne7 10. Bd2 O-O 11. Bd3 b6 12. Ne2 Ba6 13. Nf4 Qd7 14. h4 Bxd3 15.
Qxd3 Nbc6 16. h5 Rac8 17. h6 g6 18. O-O Rf7 19. a4 Na5 20. Bxa5 bxa5 21. Qa6
Rc6 22. Qxa5 Rxc2 23. Qb5 Qc8 24. Rab1 Nc6 25. Rfd1 Rc4 26. Ne2 Rc7 27. a5 Qf8
28. Nf4 Nd8 29. Nxd5 exd5 30. Qxd5+ Kh8 31. e6 Qf6 32. Rb8 Rc8 33. Rxc8 Rxc8
34. Qd7 1-0

[Event "Europa ch s-16"]
[Site "Herceg Novi MNE"]
[Date "2008.09.23"]
[Round "8.22"]
[White "Arslanov, Shamil"]
[Black "Schreiner, Peter"]
[Result "1/2-1/2"]
[WhiteElo "2228"]
[BlackElo "2137"]
[PlyCount "65"]
[EventDate "2008.09.15"]
[EventType "swiss"]
[EventRounds "9"]
[Source "lmi"]
[SourceDate "2008.09.15"]

1. e4 c6 2. d4 d5 3. exd5 cxd5 4. c4 Nf6 5. Nc3 e6 6. Nf3 Be7 7. cxd5 Nxd5 8.
Bd3 Nc6 9. O-O O-O 10. Re1 Bf6 11. Be4 Nce7 12. Qc2 h6 13. Ne2 Nc6 14. Qd3 Qb6
15. a3 Rd8 16. Rd1 Qa6 17. Qxa6 bxa6 18. b4 Bb7 19. Bb2 Rac8 20. Nc1 Nb6 21.
Nd3 Na4 22. Nc5 Nxc5 23. bxc5 Na5 24. Bxb7 Nxb7 25. Bc3 Rd5 26. Rdc1 Nd8 27.
Rab1 Nc6 28. Rb7 Nxd4 29. Bxd4 Bxd4 30. Nxd4 Rxd4 31. h3 Rc6 32. Rxa7 Rd5 33.
g3 1/2-1/2

[Event "Europa ch s-16"]
[Site "Herceg Novi MNE"]
[Date "2008.09.23"]
[Round "8.23"]
[White "Stips, Felix"]
[Black "Yilmazyerli, Mert"]
[Result "0-1"]
[WhiteElo "2061"]
[BlackElo "2207"]
[PlyCount "126"]
[EventDate "2008.09.15"]
[EventType "swiss"]
[EventRounds "9"]
[Source "lmi"]
[SourceDate "2008.09.15"]

1. Nf3 Nf6 2. c4 b6 3. Nc3 Bb7 4. d4 e6 5. a3 Ne4 6. Nxe4 Bxe4 7. e3 g6 8. Bd3
Bb7 9. O-O Bg7 10. e4 O-O 11. Bg5 f6 12. Bd2 d6 13. Qc2 Nd7 14. d5 e5 15. b4
Rf7 16. Be3 Bf8 17. Nd2 Kh8 18. Rfd1 c6 19. Rac1 Rc8 20. Qa4 Qc7 21. Qc2 Qb8
22. Qb1 Be7 23. f3 Qa8 24. g4 Rg8 25. dxc6 Bxc6 26. c5 bxc5 27. bxc5 d5 28.
exd5 Bxd5 29. Qb5 Rb8 30. Qa6 Rc8 31. c6 Rxc6 32. Rxc6 Qxc6 33. Qxc6 Bxc6 34.
Bxa7 Bxa3 35. Be4 Bxe4 36. Nxe4 Kg7 37. Nd6 Bxd6 38. Rxd6 Nf8 39. Bc5 Rc7 40.
Bb6 Rd7 41. Rc6 Kf7 42. Be3 Ne6 43. Kf2 Rb7 44. Rc2 f5 45. gxf5 gxf5 46. Bd2 f4
47. Bc3 Rc7 48. Rc1 Kf6 49. Bb2 Rb7 50. Bc3 Kf5 51. Re1 Rb5 52. Re2 h5 53. Ra2
Rb3 54. Rc2 h4 55. Kg2 Ng5 56. h3 Ra3 57. Be1 Nxf3 58. Bf2 Rd3 59. Rc8 Ng5 60.
Rf8+ Ke4 61. Bxh4 Rd2+ 62. Kf1 Nxh3 63. Rh8 Kf3 0-1

[Event "Europa ch s-16"]
[Site "Herceg Novi MNE"]
[Date "2008.09.23"]
[Round "8.25"]
[White "Filippas, Sebastian"]
[Black "Holvason, Juri"]
[Result "0-1"]
[WhiteElo "2240"]
[BlackElo "2041"]
[PlyCount "74"]
[EventDate "2008.09.15"]
[EventType "swiss"]
[EventRounds "9"]
[Source "lmi"]
[SourceDate "2008.09.15"]

1. e4 c5 2. Nf3 Nc6 3. Bb5 g6 4. O-O Bg7 5. Re1 e5 6. c3 Nge7 7. d3 O-O 8. Nbd2
d6 9. Nf1 f5 10. Bc4+ Kh8 11. Ng5 Qe8 12. Be6 Nd8 13. Bxc8 Rxc8 14. d4 h6 15.
dxe5 dxe5 16. Nf3 f4 17. b3 Ne6 18. Bb2 g5 19. N3d2 Rd8 20. Qg4 Ng8 21. Red1 f3
22. Ng3 fxg2 23. Nc4 Rxd1+ 24. Rxd1 Nf4 25. Nf5 Rxf5 26. Nd6 Nf6 27. Nxe8 Nxg4
28. exf5 e4 29. h3 Ne5 30. Kh2 Nf3+ 31. Kg3 Be5 32. f6 Kg8 33. Kg4 Nd3 34. Kf5
Kf7 35. Ba3 Nfe1 36. Rxe1 Nxe1 37. Kxe5 Nd3+ 0-1

[Event "Europa ch s-16"]
[Site "Herceg Novi MNE"]
[Date "2008.09.23"]
[Round "8.26"]
[White "Halvax, Georg"]
[Black "Kociscak, Jiri"]
[Result "1-0"]
[WhiteElo "2162"]
[BlackElo "2324"]
[PlyCount "45"]
[EventDate "2008.09.15"]
[EventType "swiss"]
[EventRounds "9"]
[Source "lmi"]
[SourceDate "2008.09.15"]

1. e4 e5 2. Nf3 Nc6 3. d4 exd4 4. Nxd4 Nf6 5. Nxc6 bxc6 6. e5 Qe7 7. Qe2 Nd5 8.
c4 Ba6 9. b3 g6 10. f4 Bg7 11. Qf2 Nf6 12. Be2 d6 13. Bf3 Bb7 14. Ba3 O-O 15.
O-O Nd7 16. Nd2 f5 17. Rae1 Rfe8 18. exd6 Qf8 19. Rxe8 Rxe8 20. Qxa7 Ra8 21.
Qxb7 Rxa3 22. Qxc7 Bd4+ 23. Kh1 1-0

[Event "Europa ch s-16"]
[Site "Herceg Novi MNE"]
[Date "2008.09.23"]
[Round "8.27"]
[White "Senlle Caride, Miguel"]
[Black "Tamazyan, Haik"]
[Result "1-0"]
[WhiteElo "2289"]
[BlackElo "2139"]
[PlyCount "69"]
[EventDate "2008.09.15"]
[EventType "swiss"]
[EventRounds "9"]
[Source "lmi"]
[SourceDate "2008.09.15"]

1. e4 c6 2. d4 d5 3. Nd2 dxe4 4. Nxe4 Bf5 5. Ng3 Bg6 6. h4 h6 7. Nf3 Nd7 8. h5
Bh7 9. Bd3 Bxd3 10. Qxd3 e6 11. Bd2 Ngf6 12. O-O-O Bd6 13. Ne4 Nxe4 14. Qxe4
Nf6 15. Qe2 Qc7 16. Kb1 O-O-O 17. c4 c5 18. Bc3 cxd4 19. Nxd4 a6 20. Nb3 Qc6
21. f3 Bg3 22. Rc1 Bf4 23. Rc2 Qd6 24. Qf2 Kb8 25. c5 Qc6 26. Na5 Qc7 27. c6 b6
28. Nc4 Ka7 29. Ba5 Nd5 30. a4 e5 31. Bxb6+ Nxb6 32. a5 Qxc6 33. axb6+ Ka8 34.
Na5 Qb5 35. b7+ 1-0